00377 a2200097 4500082001600000100001300016245014600029260005800175300003000233650001600263 a363.125 DAV aDavis, A aProject Report PR/INT/724/03 Improving Road Safety by Reducing Impaired Driving in Developing Countries: A Scoping Study /cA Davis...[et al] aUK :bDepartment for International Development,c2003 ax, 162p. :bill. ;c30 cm aRoad Safety